¿Qué le pasa a Lucía? / (Record no. 161433)

MARC details
000 -CABECERA
campo de control de longitud fija 00618nam a2200217 u 4500
005 - FECHA Y HORA DE LA ÚLTIMA TRANSACCIÓN
campo de control 20240831063753.0
008 - ELEMENTOS DE LONGITUD FIJA--INFORMACIÓN GENERAL
campo de control de longitud fija 130128s2007 es r 000 0 spa d
020 ## - NÚMERO INTERNACIONAL NORMALIZADO PARA LIBROS
Número Internacional Estándar del Libro 9788481317138
035 ## - NÚMERO DE CONTROL DEL SISTEMA
Número de control de sistema UPN01000189330
049 ## - COLECCIÓN
Colección I
050 #4 - SIGNATURA TOPOGRÁFICA DE LA BIBLIOTECA DEL CONGRESO
Número de clasificación PZ75
Número de documento/Ítem S6.6
100 1# - ASIENTO PRINCIPAL--NOMBRE PERSONAL
Nombre de persona Sobrino, Javier
9 (RLIN) 33695
245 11 - MENCIÓN DE TÍTULO
Título ¿Qué le pasa a Lucía? /
Mención de responsabilidad, etc. Javier Sobrino ; il. Pablo Amargo.
260 ## - PUBLICACIÓN, DISTRIBUCIÓN, ETC.
Lugar de publicación, distribución, etc. Valencia, Esp. :
Nombre del editor, distribuidor, etc. Tándem,
Fecha de publicación, distribución, etc. 2007.
300 ## - DESCRIPCIÓN FÍSICA
Extensión [32] p. :
Otras características físicas il. col.
650 #4 - ASIENTO SECUNDARIO DE MATERIA - TERMINO TEMATICO
Término de materia o nombre geográfico como elemento de entrada Cuentos infantiles españoles
9 (RLIN) 7725
650 #4 - ASIENTO SECUNDARIO DE MATERIA - TERMINO TEMATICO
Término de materia o nombre geográfico como elemento de entrada Conducta infantil
9 (RLIN) 5683
905 ## - TIPO DE MATERIAL
Tipo de material Infantil
Holdings
Estado de retiro Estado de pérdida Fuente del sistema de clasificación o colocación Estado dañado No para préstamo Código de colección Localización permanente Ubicación/localización actual Ubicación en estantería Fecha de adquisición Total de préstamos Clasificación Código de barras Fecha visto por última vez Número de copia Tipo de ítem Koha
    Library of Congress Classification   En proceso de revisión Infantil Bib. Gregorio Torres Quintero Bib. Gregorio Torres Quintero Sala infantil Planta baja 10/05/2023 2 PZ75 S6.6 287217 31/12/2020 1 Libro
    Library of Congress Classification     Infantil Bib. Gregorio Torres Quintero Bib. Gregorio Torres Quintero Sala infantil Planta baja 10/05/2023 2 PZ75 S6.6 306450 31/12/2020 1 Libro